Three Plays of Cha Fra Dcosta (Record no. 233802)

MARC details
000 -LEADER
fixed length control field 00805nam a22002417a 4500
005 - DATE AND TIME OF LATEST TRANSACTION
control field 20250217121322.0
008 - FIXED-LENGTH DATA ELEMENTS--GENERAL INFORMATION
fixed length control field 250215b ||||| |||| 00| 0 eng d
020 ## - INTERNATIONAL STANDARD BOOK NUMBER
International Standard Book Number 9788195680788
040 ## - CATALOGING SOURCE
Transcribing agency AL
041 ## - LANGUAGE CODE
Language code of text/sound track or separate title English
082 ## - DEWEY DECIMAL CLASSIFICATION NUMBER
Edition number 23
Classification number 822.8
Item number DOCT
100 ## - MAIN ENTRY--PERSONAL NAME
Personal name Cha Fra Dcosta
100 ## - MAIN ENTRY--PERSONAL NAME
9 (RLIN) 200278
245 ## - TITLE STATEMENT
Title Three Plays of Cha Fra Dcosta
260 ## - PUBLICATION, DISTRIBUTION, ETC.
Place of publication, distribution, etc. Mangaluru
Name of publisher, distributor, etc. St Aloysius Prakashana
Date of publication, distribution, etc. 2024
300 ## - PHYSICAL DESCRIPTION
Extent 134 p.
Other physical details PB
Dimensions 21x14 cm.
365 ## - TRADE PRICE
Price amount ₹200.00
Currency code
Unit of pricing ₹200.00
520 ## - SUMMARY, ETC.
Summary, etc. Dr Sylvia Rego, Department of English, St Aloysius (Deemed to be University),
650 ## - SUBJECT ADDED ENTRY--TOPICAL TERM
Topical term or geographic name entry element Teacher Unmarried (Aunkwar Mesthri)
9 (RLIN) 200078
650 ## - SUBJECT ADDED ENTRY--TOPICAL TERM
Topical term or geographic name entry element The Man with a Heart of Gold (Bangar Monis)
9 (RLIN) 200079
650 ## - SUBJECT ADDED ENTRY--TOPICAL TERM
Topical term or geographic name entry element Jillas Men (Jillache Novre)
9 (RLIN) 200080
700 ## - ADDED ENTRY--PERSONAL NAME
Personal name REGO (Sylvia) Tr
9 (RLIN) 200081
942 ## - ADDED ENTRY ELEMENTS (KOHA)
Source of classification or shelving scheme Dewey Decimal Classification
Koha item type Donated Books
Holdings
Withdrawn status Lost status Source of classification or shelving scheme Damaged status Not for loan Collection code Home library Current library Date acquired Cost, normal purchase price Total Checkouts Full call number Barcode Date last seen Cost, replacement price Price effective from Koha item type Public note
    Dewey Decimal Classification     English St Aloysius Library St Aloysius Library 02/15/2025 200.00   822.8 DOCT D06248 02/15/2025 200.00 02/15/2025 Donated Books Donated by Dr Sylvia Rego